UEFA Champions League Rekordspieler - Statistiken

Allgemein
  • Dieses Quiz wurde 321 mal gespielt
    170 seit der letzten Aktualisierung
  • Das Durchschnittsergebnis liegt bei 9 aus 11
Antwortstatistiken
Spiele Nationalität Spieler % Korrekt
183 Portugal Cristiano Ronaldo
100%
163 Argentinien Lionel Messi
100%
163 Deutschland Thomas Müller
99%
142 Kroatien Luka Modrić
95%
150 Deutschland Manuel Neuer
94%
151 Deutschland Toni Kroos
85%
151 Spanien Xavi
81%
177 Spanien Iker Casillas
79%
142 Spanien Sergio Ramos
78%
152 Frankreich Karim Benzema
68%
142 Spanien Raúl
51%
Keine übereinstimmenden Quizze gefunden
Verteilung der Resultate
Anzahl Personen mit jedem Resultat
Perzentil nach korrekt beantworteten Fragen
Ihre Resultats-Entwicklung
Sie haben dieses Quiz seit der letzten Aktualisierung nicht gespielt